| 000 | 00756nam a22002417a 4500 | ||
|---|---|---|---|
| 003 | SEM | ||
| 005 | 20260623145434.0 | ||
| 008 | 260623s1988 ai ||||gr||||||01|||arm|d | ||
| 020 | _a5550001764 | ||
| 040 |
_aSEM _cSEM |
||
| 041 | _aarm | ||
| 080 | _a891.981-3/Խ-24 | ||
| 100 |
_aԽանզադյան, Սերո _q(Ханзадян, Серо) |
||
| 245 |
_aՄխիթար Սպարապետ : _bՊատմավեպ / _cՍ. Խանզադյան |
||
| 246 | _aМхитар Спарапет / | ||
| 260 |
_aԵրևան : _bՍովետ. գրող, _c1988. |
||
| 300 |
_a759 էջ ; _c21 սմ |
||
| 490 | _aՀայ պատմավեպ | ||
| 650 |
_aՀայ գրականություն _xարձակ |
||
| 653 | _aՍԷՄ | ||
| 830 | _aՀայ պատմավեպ | ||
| 942 |
_2udc _cBK |
||
| 999 |
_c46105 _d46105 |
||